[Event "45th World U20 ch"]
[Site "Yerevan ARM"]
[Date "2006.10.03"]
[Round "1.3"]
[White "Pantsulaia, Levan"]
[Black "Kalashian, David"]
[Result "1-0"]
[WhiteElo "2596"]
[BlackElo "2381"]
[EventDate "2006.10.02"]
[PlyCount "109"]

1.c4 Nf6 2.g3 e6 3.Bg2 d5 4.Nf3 Be7 5.O-O O-O 6.b3 c5 7.cxd5 Nxd5 8.Bb2 
Nc6 9.d4 cxd4 10.Nxd4 Bd7 11.Nc3 Nxc3 12.Bxc3 Rc8 13.Rc1 a6 14.Nxc6 Bxc6 
15.Qxd8 Rfxd8 16.Ba5 Rd7 17.Bxc6 bxc6 18.Rc2 Rd5 19.Bd2 Kf8 20.e4 Rc5 21.
Rxc5 Bxc5 22.Rc1 Bd4 23.Rc4 e5 24.Bb4+ Ke8 25.Bc5 Bxc5 26.Rxc5 f6 27.Ra5 
Ra8 28.f4 exf4 29.gxf4 Kd7 30.Kf2 Kc7 31.Ke3 Kb6 32.Rh5 h6 33.e5 fxe5 34.
Rxe5 Ra7 35.h4 a5 36.Re4 Rd7 37.f5 Kc5 38.Ra4 Kb5 39.Kf4 Rd2 40.Ke5 c5 41.
Rg4 Rxa2 42.Rxg7 Re2+ 43.Kf6 Rh2 44.Rg4 Rh3 45.Kg6 Rxb3 46.Rf4 Rg3+ 47.Kh7
Rd3 48.f6 Rd8 49.f7 a4 50.f8=Q Rxf8 51.Rxf8 a3 52.Kxh6 c4 53.Kg5 c3 54.h5 
c2 55.Rf1 1-0

[Event "45th World U20 ch"]
[Site "Yerevan ARM"]
[Date "2006.10.03"]
[Round "1.5"]
[White "Baramidze, David"]
[Black "Gorovets, Andrei"]
[Result "1-0"]
[WhiteElo "2585"]
[BlackElo "2368"]
[EventDate "2006.10.02"]
[PlyCount "73"]

1.e4 Nf6 2.e5 Nd5 3.c4 Nb6 4.d4 d6 5.exd6 exd6 6.h3 Nc6 7.Nf3 Bf5 8.d5 Ne5
9.Nd4 Bd7 10.b3 Be7 11.Be2 c5 12.Nc2 Bf6 13.a4 Nexc4 14.bxc4 Bxa1 15.Nxa1 
Nxa4 16.O-O O-O 17.Bd3 Qf6 18.Nc2 Nb2 19.Bxb2 Qxb2 20.Nd2 f5 21.Nf3 a6 22.
Ne3 Qf6 23.Qb1 Rab8 24.Qb6 g6 25.Rb1 f4 26.Ng4 Bxg4 27.hxg4 Rfe8 28.g5 Qe7
29.Nd2 Red8 30.Ne4 h6 31.gxh6 Rd7 32.h7+ Kh8 33.Qb2+ Qg7 34.Qxg7+ Kxg7 35.
Rb6 Rbd8 36.Kf1 Kf7 37.Nxd6+ 1-0

[Event "45th World U20 ch"]
[Site "Yerevan ARM"]
[Date "2006.10.03"]
[Round "1.6"]
[White "Hungaski, Robert"]
[Black "Kryvoruchko, Yuriy"]
[Result "0-1"]
[WhiteElo "2366"]
[BlackElo "2581"]
[EventDate "2006.10.02"]
[PlyCount "72"]

1.e4 c5 2.Nf3 Nc6 3.d4 cxd4 4.Nxd4 Nf6 5.Nc3 e5 6.Ndb5 d6 7.Bg5 a6 8.Na3 
b5 9.Nd5 Be7 10.Bxf6 Bxf6 11.c3 Bg5 12.Nc2 Ne7 13.h4 Bh6 14.a4 bxa4 15.
Ncb4 O-O 16.Qxa4 a5 17.Bb5 Nxd5 18.exd5 f5 19.Nc6 Qf6 20.b4 e4 21.bxa5 
Qxc3+ 22.Kf1 e3 23.Qa3 Qf6 24.f3 Re8 25.Ke2 Qg6 26.Rhg1 Qg3 27.Raf1 Bd7 
28.Qa4 Bf4 29.Nd4 Bxb5+ 30.Nxb5 Rec8 31.Nd4 Rab8 32.Nc6 Rb2+ 33.Kd3 Qxh4 
34.Rh1 Rd2+ 35.Kc4 Qf6 36.Qa1 Qf7 0-1

[Event "45th World U20 ch"]
[Site "Yerevan ARM"]
[Date "2006.10.03"]
[Round "1.9"]
[White "Zhao Jun"]
[Black "Jessel, Stephen"]
[Result "1-0"]
[WhiteElo "2539"]
[BlackElo "2357"]
[EventDate "2006.10.02"]
[PlyCount "59"]

1.d4 e6 2.c4 d5 3.Nc3 Nf6 4.cxd5 exd5 5.Bg5 c6 6.e3 Be7 7.Bd3 Nbd7 8.Nge2 
O-O 9.O-O Re8 10.Qc2 Nf8 11.Rab1 Ng6 12.Bxf6 Bxf6 13.b4 Be7 14.b5 Bd6 15.
bxc6 bxc6 16.Na4 Qh4 17.Ng3 Ne7 18.Rfe1 g6 19.Nc5 h5 20.e4 Qg5 21.exd5 
cxd5 22.Nge4 dxe4 23.Nxe4 Bxh2+ 24.Kxh2 Qh4+ 25.Kg1 Rd8 26.g3 Qh3 27.Nf6+ 
Kg7 28.Rxe7 Kxf6 29.Qc7 Be6 30.Rxf7+ 1-0

[Event "45th World U20 ch"]
[Site "Yerevan ARM"]
[Date "2006.10.03"]
[Round "1.11"]
[White "Zhou Jianchao"]
[Black "Mareco, Sandro"]
[Result "1/2-1/2"]
[WhiteElo "2522"]
[BlackElo "2335"]
[EventDate "2006.10.02"]
[PlyCount "109"]

1.d4 Nf6 2.c4 e6 3.Nf3 b6 4.g3 Ba6 5.b3 Bb4+ 6.Bd2 Be7 7.Bg2 c6 8.O-O O-O 
9.Bc3 d5 10.Ne5 Nfd7 11.Nxd7 Nxd7 12.Nd2 Rc8 13.Re1 b5 14.c5 e5 15.e3 Bf6 
16.b4 Rc7 17.dxe5 Nxe5 18.Qc2 Bc8 19.a4 a6 20.axb5 axb5 21.Nb3 Ng4 22.h3 
Bxc3 23.Qxc3 Nf6 24.Ra8 Qe7 25.Qd4 Ne4 26.h4 f5 27.Rea1 h6 28.Nc1 g5 29.
hxg5 hxg5 30.Nd3 Qh7 31.Rb8 Qh5 32.Qe5 Rcf7 33.f3 Nd2 34.Raa8 Nc4 35.Qd4 
Rc7 36.Kf2 Qe8 37.f4 g4 38.Ne1 Qe6 39.Nc2 Re8 40.Kg1 Rb7 41.Rxb7 Bxb7 42.
Rxe8+ Qxe8 43.Qf6 Bc8 44.Qd4 Kf7 45.Bf1 Bd7 46.Kf2 Qa8 47.Bxc4 bxc4 48.Qa1
Qe8 49.Qa7 Kf8 50.Nd4 c3 51.b5 Qh5 52.Kg1 Qe8 53.Kf2 Qh5 54.Kg1 Qe8 55.Kf2
1/2-1/2

[Event "45th World U20 ch"]
[Site "Yerevan ARM"]
[Date "2006.10.03"]
[Round "1.18"]
[White "Pile, Richard"]
[Black "Geller, Jakov"]
[Result "1-0"]
[WhiteElo "2290"]
[BlackElo "2501"]
[EventDate "2006.10.02"]
[PlyCount "80"]

1.d4 d5 2.Nf3 c6 3.c4 e6 4.Qc2 Nf6 5.g3 dxc4 6.Qxc4 b5 7.Qb3 Bb7 8.Bg2 a6 
9.O-O c5 10.dxc5 Nbd7 11.c6 Bxc6 12.Be3 Be7 13.Rc1 Rc8 14.Qd1 O-O 15.h3 
Bxf3 16.Bxf3 Bc5 17.Bxc5 Nxc5 18.Qe1 h6 19.Nd2 Qd4 20.Rab1 Rfd8 21.Nb3 
Nxb3 22.axb3 Rxc1 23.Qxc1 Nd7 24.Ra1 Nc5 25.Qc3 b4 26.Qc2 Qd6 27.Rc1 Rc8 
28.Rd1 Qb6 29.e3 a5 30.Rd4 g6 31.h4 h5 32.Qd1 Qb8 33.Bg2 Qe5 34.Rd8+ Rxd8 
35.Qxd8+ Kg7 36.Qxa5 Nd3 37.Qa4 Nc1 38.Bf1 Qxb2 39.Qxb4 Qxb3 40.Qd2 Qb1 
1-0

[Event "45th World U20 ch"]
[Site "Yerevan ARM"]
[Date "2006.10.03"]
[Round "1.20"]
[White "Niemi, Kalle"]
[Black "Frolyanov, Dmitry"]
[Result "0-1"]
[WhiteElo "2282"]
[BlackElo "2498"]
[EventDate "2006.10.02"]
[PlyCount "74"]

1.e4 c5 2.Nf3 Nc6 3.d4 cxd4 4.Nxd4 Nf6 5.Nc3 e5 6.Ndb5 d6 7.Bg5 a6 8.Na3 
b5 9.Bxf6 gxf6 10.Nd5 Bg7 11.c3 f5 12.exf5 Bxf5 13.Nc2 O-O 14.Nce3 Be6 15.
Bd3 f5 16.Bc2 Ra7 17.Qh5 Raf7 18.g4 Bxd5 19.Nxd5 e4 20.Ne3 b4 21.gxf5 bxc3
22.Bxe4 cxb2 23.Rd1 Qa5+ 24.Kf1 Ne7 25.Rg1 Kh8 26.Rg4 Qb5+ 27.Kg2 Nxf5 28.
Kg1 Nh6 29.Rg5 Qb4 30.Bb1 Qf4 31.Rg2 Bd4 32.Qh3 Bc5 33.Kh1 Qf3 34.Qxf3 
Rxf3 35.Rd2 Rxe3 36.fxe3 Rf1+ 37.Rg1 Rxg1+ 0-1

[Event "45th World U20 ch"]
[Site "Yerevan ARM"]
[Date "2006.10.03"]
[Round "1.23"]
[White "Nechepurenko, Roman"]
[Black "Rej, Tomek"]
[Result "1-0"]
[WhiteElo "2479"]
[BlackElo "2257"]
[EventDate "2006.10.02"]
[PlyCount "113"]

1.e4 e5 2.Nf3 Nc6 3.Bb5 a6 4.Ba4 Nf6 5.Qe2 b5 6.Bb3 Be7 7.O-O O-O 8.a4 Bb7
9.c3 d5 10.d3 Na5 11.Bc2 Re8 12.Nbd2 Bd6 13.b4 Nc6 14.Nb3 Ne7 15.Na5 Qc8 
16.Bg5 Ng6 17.g3 Be7 18.Kg2 Nh5 19.Bd2 Qg4 20.Kh1 Bc8 21.Ng1 Qxe2 22.Nxe2 
Bh3 23.Rfe1 Nf6 24.Ng1 Be6 25.Kg2 Rad8 26.Bc1 Bf8 27.Nf3 h6 28.axb5 axb5 
29.Nc6 Rc8 30.Ra6 dxe4 31.dxe4 Bd7 32.Bd3 Re6 33.Bxb5 Kh7 34.Ba4 Ne7 35.
Nfxe5 Nxc6 36.Nxd7 Nxd7 37.Rxc6 Ne5 38.Rxe6 fxe6 39.Bc2 c5 40.f4 Nc4 41.
e5+ Kh8 42.b5 Nb6 43.Be4 Rd8 44.Kf3 Na4 45.c4 Nb6 46.f5 Nxc4 47.fxe6 Be7 
48.Bc6 Rd3+ 49.Kg4 Rd4+ 50.Re4 Nxe5+ 51.Kf5 Nxc6 52.bxc6 g6+ 53.Kf4 Rd6 
54.Bb2+ Kg8 55.c7 Rc6 56.Be5 c4 57.Re1 1-0

[Event "45th World U20 ch"]
[Site "Yerevan ARM"]
[Date "2006.10.03"]
[Round "1.24"]
[White "Kjartansson, Gudmundur"]
[Black "Howell, David"]
[Result "0-1"]
[WhiteElo "2246"]
[BlackElo "2471"]
[EventDate "2006.10.02"]
[PlyCount "80"]

1.e4 e5 2.Nf3 Nc6 3.Bb5 a6 4.Ba4 Nf6 5.O-O Be7 6.Re1 b5 7.Bb3 O-O 8.h3 Bb7
9.d3 Re8 10.c3 Bf8 11.Nbd2 h6 12.Nh2 Na5 13.Bc2 c5 14.d4 cxd4 15.cxd4 d5 
16.dxe5 Nxe4 17.Nxe4 dxe4 18.Bf4 f5 19.Qh5 g5 20.Qg6+ Bg7 21.Be3 Qc8 22.
Rad1 Nc4 23.Bd4 Nxe5 24.Bb3+ Kh8 25.Bxe5 Rxe5 26.Rd6 Qe8 27.Bf7 Qe7 28.
Red1 e3 29.Qh5 exf2+ 30.Kxf2 Qf8 31.Nf3 Bxf3 32.gxf3 Re7 33.Bb3 Rae8 34.
Rxa6 Re2+ 35.Kf1 g4 36.Bf7 R8e7 37.Rd8 Re1+ 38.Kf2 R7e2+ 39.Kg3 Be5+ 40.
Kh4 Qxd8+ 0-1

[Event "45th World U20 ch"]
[Site "Yerevan ARM"]
[Date "2006.10.03"]
[Round "1.25"]
[White "Esen, Baris"]
[Black "Nasri, Amin"]
[Result "0-1"]
[WhiteElo "2464"]
[BlackElo "2227"]
[EventDate "2006.10.02"]
[PlyCount "80"]

1.d4 d5 2.c4 e6 3.Nf3 c6 4.Qc2 Nf6 5.Nc3 dxc4 6.e4 b5 7.Be2 Bb7 8.O-O Be7 
9.e5 Nd5 10.Qe4 h5 11.a4 a6 12.h4 c5 13.Qb1 cxd4 14.Nxd4 Qb6 15.Nf3 Nd7 
16.Rd1 Rc8 17.axb5 axb5 18.Bd2 Nxc3 19.Bxc3 Bc5 20.Ba5 Bxf2+ 21.Kf1 Qc5 
22.b4 Qe3 23.Qc1 Qxc1 24.Raxc1 Be3 25.Rc2 Be4 26.Rc3 Bf4 27.Nd4 Bxe5 28.
Nxb5 Bd5 29.Rcc1 O-O 30.Bxh5 c3 31.Be2 c2 32.Rd2 Bf4 33.Rcxc2 Bxd2 34.Rxd2
Nf6 35.Nc7 Rfd8 36.Ba6 Bc4+ 37.Bxc4 Rxd2 38.Ba6 Rcd8 39.b5 Ra2 40.Be1 Ng4 
0-1

[Event "45th World U20 ch"]
[Site "Yerevan ARM"]
[Date "2006.10.03"]
[Round "1.27"]
[White "Magalashvili, Davit"]
[Black "Smith, Axel"]
[Result "1/2-1/2"]
[WhiteElo "2459"]
[BlackElo "2215"]
[EventDate "2006.10.02"]
[PlyCount "160"]

1.Nf3 Nf6 2.c4 c6 3.g3 d5 4.Bg2 Bf5 5.b3 e6 6.Bb2 h6 7.O-O Bd6 8.d3 O-O 9.
Nbd2 Bh7 10.Re1 Nbd7 11.a3 a5 12.cxd5 exd5 13.e4 dxe4 14.dxe4 Bc7 15.e5 
Nd5 16.Nc4 Nc5 17.Bf1 Qe7 18.Nd4 Rfd8 19.Qf3 Qd7 20.Rad1 Ne6 21.Qh5 Nxd4 
22.Rxd4 Qf5 23.Qh4 Re8 24.Bh3 Qg5 25.Qxg5 hxg5 26.e6 Bc2 27.Nd2 f6 28.Rc1 
Bh7 29.Rxd5 cxd5 30.Rxc7 Rac8 31.Rxc8 Rxc8 32.e7 Re8 33.Be6+ Kh8 34.Bxd5 
Rxe7 35.Nc4 Re1+ 36.Kg2 Rb1 37.a4 Bd3 38.Bd4 Bf1+ 39.Kf3 Rxb3+ 40.Ne3 Rb4 
41.Bc5 g4+ 42.Nxg4 Rxa4 43.Bxb7 Rc4 44.Bd6 Rd4 45.Bc5 Rc4 46.Bf8 a4 47.Ne3
Rc3 48.Bd5 Bd3 49.Ba2 Rc1 50.Nd5 Bc4 51.Bxc4 Rxc4 52.Ke3 Rc2 53.h4 Rb2 54.
h5 Kh7 55.g4 a3 56.Bxa3 Rb3+ 57.Kf4 Rxa3 58.Ne3 Ra4+ 59.Kg3 Ra3 60.Kf4 Kg8
61.Nf5 Kf7 62.Nd6+ Ke6 63.Nf5 Kf7 64.Nd6+ Ke6 65.Nf5 Ra4+ 66.Kg3 Ra3+ 67.
Kf4 Ra7 68.f3 Kf7 69.Nd6+ Kg8 70.Nf5 Kh7 71.Nh4 Ra4+ 72.Kg3 Ra3 73.Kf4 Rb3
74.Kg3 Rb1 75.Kf4 Rg1 76.Ng6 Kh6 77.Ne7 Ra1 78.Nf5+ Kh7 79.Nh4 Ra8 80.Kg3 
Rh8 1/2-1/2

[Event "45th World U20 ch"]
[Site "Yerevan ARM"]
[Date "2006.10.03"]
[Round "1.29"]
[White "Warakomski, Tomasz"]
[Black "Behmardi, Kalantari Rustam"]
[Result "1-0"]
[WhiteElo "2446"]
[BlackElo "2210"]
[EventDate "2006.10.02"]
[PlyCount "97"]

1.e4 e6 2.d4 d5 3.Nd2 Nf6 4.e5 Nfd7 5.c3 c5 6.Bd3 Nc6 7.Ne2 cxd4 8.cxd4 f6
9.exf6 Nxf6 10.Nf3 Qc7 11.O-O Bd6 12.Bg5 O-O 13.Bh4 Nh5 14.Qc2 h6 15.Bh7+ 
Kh8 16.Bg6 Nf4 17.Nxf4 Bxf4 18.Rad1 Qb6 19.Rfe1 Bd7 20.Qe2 e5 21.dxe5 Bg4 
22.e6 Bxf3 23.gxf3 Nd4 24.Rxd4 Qxd4 25.Bg3 Rf6 26.Bf7 Qc5 27.e7 Rxf7 28.
e8=Q+ Rxe8 29.Qxe8+ Rf8 30.Qe7 Qc8 31.Kg2 Qf5 32.Qe2 h5 33.Qe6 Bg5 34.Re5 
Qxf3+ 35.Kg1 Bf4 36.Rf5 Rxf5 37.Qc8+ Kh7 38.Qxf5+ g6 39.Qf7+ Kh8 40.Qxf4 
Qd1+ 41.Kg2 Kg8 42.Qb8+ Kf7 43.Qxb7+ Ke6 44.Qc6+ Kf5 45.Qd7+ Ke4 46.Qe6+ 
Kd4 47.Qxg6 Qe2 48.Qf6+ Kc4 49.Qa6+ 1-0

[Event "45th World U20 ch"]
[Site "Yerevan ARM"]
[Date "2006.10.04"]
[Round "2.3"]
[White "Brandenburg, Daan"]
[Black "Pantsulaia, Levan"]
[Result "0-1"]
[WhiteElo "2421"]
[BlackElo "2596"]
[EventDate "2006.10.02"]
[PlyCount "122"]

1.e4 c6 2.d4 d5 3.Nc3 dxe4 4.Nxe4 Bf5 5.Ng3 Bg6 6.h4 h6 7.Nf3 Nd7 8.h5 Bh7
9.Bd3 Bxd3 10.Qxd3 e6 11.Bf4 Qa5+ 12.Bd2 Bb4 13.c3 Be7 14.c4 Bb4 15.Ne4 
Bxd2+ 16.Nfxd2 Ngf6 17.Nd6+ Ke7 18.Nxb7 Qb4 19.Qa3 Qxa3 20.bxa3 c5 21.dxc5
Rhc8 22.Rb1 Nxc5 23.Ke2 Ncd7 24.f3 Nb6 25.Rb4 Nfd7 26.Na5 Rc5 27.Nab3 Re5+
28.Kd3 a5 29.Rb5 Nxc4 30.a4 Ncb6 31.Nd4 Rd5 32.Rxd5 Nxd5 33.N2b3 Nb4+ 34.
Ke3 Nb6 35.a3 N4d5+ 36.Kf2 Nxa4 37.Nxa5 Nc5 38.Ra1 e5 39.Ndb3 Nxb3 40.Nxb3
Rb8 41.Nd2 Rb2 42.Ke2 Nf4+ 43.Kd1 Nxg2 44.Kc1 Rb8 45.a4 Nf4 46.a5 Nxh5 47.
a6 Nf6 48.a7 Ra8 49.Nc4 Nd7 50.Kc2 f6 51.Kc3 Kd8 52.Kb4 Kc7 53.Kb5 h5 54.
Ra2 h4 55.Ra1 h3 56.Ra2 h2 57.Rxh2 Rxa7 58.Ne3 Ra3 59.Nf5 g6 60.Ne7 Rxf3 
61.Nxg6 Kd6 0-1

[Event "45th World U20 ch"]
[Site "Yerevan ARM"]
[Date "2006.10.04"]
[Round "2.4"]
[White "Vitiugov, Nikita"]
[Black "Wen Yang"]
[Result "1-0"]
[WhiteElo "2596"]
[BlackElo "2416"]
[EventDate "2006.10.02"]
[PlyCount "55"]

1.d4 d5 2.Nf3 Nf6 3.c4 dxc4 4.Nc3 e6 5.Qa4+ Bd7 6.Qxc4 Bc6 7.Ne5 Bd6 8.Bg5
h6 9.Bh4 Bxe5 10.dxe5 g5 11.exf6 gxh4 12.Qxh4 Nd7 13.e4 Qxf6 14.Qxf6 Nxf6 
15.f3 O-O-O 16.b4 b6 17.Rc1 Rd4 18.Ne2 Rxb4 19.Rxc6 Rb2 20.Nc1 Rd8 21.Rc3 
Rdd2 22.Be2 Nd7 23.Kf2 Ne5 24.Ke3 c5 25.h4 f5 26.exf5 exf5 27.g3 Nc6 28.
Rb3 1-0

[Event "45th World U20 ch"]
[Site "Yerevan ARM"]
[Date "2006.10.04"]
[Round "2.5"]
[White "Sengupta, Deep"]
[Black "Baramidze, David"]
[Result "1-0"]
[WhiteElo "2420"]
[BlackElo "2585"]
[EventDate "2006.10.02"]
[PlyCount "97"]

1.e4 c5 2.Nf3 d6 3.d4 cxd4 4.Nxd4 Nf6 5.Nc3 Bd7 6.f3 Nc6 7.Be3 h5 8.Qd2 
Rc8 9.O-O-O a6 10.Qf2 Ne5 11.Nb3 Rc6 12.Nd5 e6 13.Bb6 Qb8 14.Nxf6+ gxf6 
15.Na5 Rc8 16.f4 Nc6 17.Nc4 Nb4 18.a3 d5 19.Ne3 Nxc2 20.Nxc2 dxe4 21.Kb1 
Ba4 22.Rd2 Be7 23.Be2 Rh7 24.Rc1 Kf8 25.Qe3 f5 26.Qd4 Qxf4 27.g3 Qh6 28.
Ne3 Rxc1+ 29.Kxc1 e5 30.Qxa4 Qxb6 31.Nd5 Qg1+ 32.Qd1 Qxd1+ 33.Rxd1 Bg5+ 
34.Kb1 h4 35.Rf1 hxg3 36.hxg3 f4 37.gxf4 exf4 38.Nxf4 Ke7 39.Bc4 Kd6 40.
Ne2 f6 41.Rd1+ Kc5 42.Rd4 b5 43.b4+ Kb6 44.Be6 e3 45.Kc2 Rh1 46.Rd6+ Ka7 
47.Rd7+ Kb8 48.Nd4 Rc1+ 49.Kxc1 1-0

[Event "45th World U20 ch"]
[Site "Yerevan ARM"]
[Date "2006.10.04"]
[Round "2.6"]
[White "Kryvoruchko, Yuriy"]
[Black "Grigoryan, Avetik"]
[Result "1-0"]
[WhiteElo "2581"]
[BlackElo "2404"]
[EventDate "2006.10.02"]
[PlyCount "83"]

1.e4 e6 2.d4 d5 3.Nd2 c5 4.Ngf3 cxd4 5.Nxd4 Nf6 6.e5 Nfd7 7.N2f3 Nc6 8.Bf4
Qb6 9.Rb1 Be7 10.c3 O-O 11.Bd3 Nc5 12.Bc2 Bd7 13.O-O a5 14.Qe2 a4 15.Qe3 
a3 16.bxa3 Qd8 17.Nb5 b6 18.Nfd4 Na5 19.Qg3 g6 20.Nd6 Nc4 21.Nxc4 dxc4 22.
Bc1 Qc7 23.Rd1 Ba4 24.Bxa4 Rxa4 25.Nb5 Qc6 26.Rd4 Nd3 27.Bh6 Rd8 28.Nd6 f6
29.Qg4 f5 30.Qg3 Bxd6 31.exd6 Ra7 32.Qh4 Rc8 33.Qf6 Re8 34.h3 Rf7 35.Qh4 
Rc8 36.d7 Rxd7 37.Rxb6 Qc7 38.Rxe6 Rb8 39.g3 Rxd4 40.Qxd4 Rb1+ 41.Kh2 Qb7 
42.Qd8+ 1-0

[Event "45th World U20 ch"]
[Site "Yerevan ARM"]
[Date "2006.10.04"]
[Round "2.7"]
[White "Zarkua, Davit"]
[Black "Stellwagen, Daniel"]
[Result "0-1"]
[WhiteElo "2411"]
[BlackElo "2576"]
[EventDate "2006.10.02"]
[PlyCount "132"]

1.Nf3 d5 2.d4 Nf6 3.c4 e6 4.Nc3 c6 5.cxd5 exd5 6.Qc2 Na6 7.a3 Nc7 8.Bg5 
Ne6 9.Bh4 Be7 10.e3 O-O 11.Bd3 g6 12.O-O Ng7 13.b4 a6 14.Na4 Nf5 15.Bg5 
Bd6 16.Nb6 Qxb6 17.Bxf6 Re8 18.Rab1 Bf8 19.Be5 Nd6 20.a4 Bf5 21.Bxf5 Nxf5 
22.Qb3 Red8 23.Rfc1 Nd6 24.Bxd6 Bxd6 25.g3 Bf8 26.Kg2 h5 27.h4 Qc7 28.b5 
axb5 29.axb5 c5 30.b6 Qc6 31.dxc5 d4 32.exd4 Rxd4 33.Qb5 Qxb5 34.Rxb5 Rd5 
35.Rc2 Rc8 36.Ra5 Rdxc5 37.Rcxc5 Bxc5 38.Rb5 f6 39.Nd2 Rc6 40.Nc4 Bxf2 41.
Kxf2 Rxc4 42.Rd5 Rb4 43.Rd8+ Kf7 44.Rd7+ Ke6 45.Rxb7 Kf5 46.Kf3 Rb3+ 47.
Kf2 g5 48.hxg5 fxg5 49.Rb8 Kg4 50.b7 Rf3+ 51.Ke2 Rf7 52.Ke3 Rg7 53.Kf2 Kh3
54.Rh8 Rxb7 55.Rxh5+ Kg4 56.Rh8 Rb2+ 57.Ke3 Kxg3 58.Rg8 g4 59.Rg7 Kh3 60.
Rg8 g3 61.Rg7 Kh2 62.Kf3 Rf2+ 63.Ke3 Rf8 64.Ke2 g2 65.Rh7+ Kg1 66.Rg7 Re8+
0-1

[Event "45th World U20 ch"]
[Site "Yerevan ARM"]
[Date "2006.10.04"]
[Round "2.9"]
[White "Pashikian, Arman"]
[Black "Melkumian, Hrant"]
[Result "1/2-1/2"]
[WhiteElo "2527"]
[BlackElo "2391"]
[EventDate "2006.10.02"]
[PlyCount "54"]

1.e4 e5 2.Nf3 Nc6 3.Bb5 Bc5 4.c3 Nf6 5.d4 Bb6 6.O-O O-O 7.Bg5 d6 8.Qd3 Qe7
9.Nbd2 Nb8 10.a4 c6 11.Bc4 h6 12.Bh4 a5 13.Ba2 Nbd7 14.Nc4 Bc7 15.Rae1 Re8
16.Nfxe5 Nxe5 17.dxe5 dxe5 18.f4 Be6 19.f5 Bxc4 20.Qxc4 Rad8 21.Qb3 Bd6 
22.Rd1 Rd7 23.Kh1 Red8 24.Qb6 Bc5 25.Rxd7 Rxd7 26.Qxa5 Nxe4 27.Bxe7 Nf2+ 
1/2-1/2

[Event "45th World U20 ch"]
[Site "Yerevan ARM"]
[Date "2006.10.04"]
[Round "2.13"]
[White "Hovhannisian, Robert"]
[Black "Filippov, Anton"]
[Result "1/2-1/2"]
[WhiteElo "2264"]
[BlackElo "2501"]
[EventDate "2006.10.02"]
[PlyCount "104"]

1.e4 e5 2.Nf3 Nc6 3.Bb5 a6 4.Ba4 Nf6 5.O-O Be7 6.Re1 b5 7.Bb3 d6 8.c3 O-O 
9.h3 Na5 10.Bc2 c5 11.d4 Qc7 12.Nbd2 Be6 13.Nf1 Nc4 14.Ne3 Nxe3 15.Bxe3 
Bd7 16.Bg5 Bc6 17.Bh4 Rfe8 18.a4 Rab8 19.axb5 axb5 20.Bg3 Nd7 21.b4 c4 22.
Ra5 Bd8 23.d5 Ba8 24.Nd2 Qc8 25.Ra2 Bb6 26.Kh1 Qd8 27.Qe2 Nf8 28.f3 Bb7 
29.Bf2 Ng6 30.Qf1 Qg5 31.Bxb6 Qxd2 32.Bc7 Ra8 33.Rea1 Rxa2 34.Rxa2 Nf4 35.
Bb1 Qxc3 36.Bxd6 Ra8 37.Rxa8+ Bxa8 38.Qf2 h5 39.Kh2 f6 40.Qa7 Qe1 41.Qxa8+
Kh7 42.Qa2 Ne2 43.Bc5 Qg3+ 44.Kh1 Qe1+ 45.Kh2 h4 46.d6 Qg3+ 47.Kh1 Qe1+ 
48.Kh2 Ng3 49.Bg1 Nf1+ 50.Kh1 Qd1 51.Qc2 Qxc2 52.Bxc2 Ng3+ 1/2-1/2

[Event "45th World U20 ch"]
[Site "Yerevan ARM"]
[Date "2006.10.04"]
[Round "2.14"]
[White "Ciganovic, Nikola"]
[Black "Romanov, Evgeny"]
[Result "0-1"]
[WhiteElo "2258"]
[BlackElo "2500"]
[EventDate "2006.10.02"]
[PlyCount "46"]

1.e4 e5 2.Nf3 Nc6 3.Bb5 a6 4.Ba4 Nf6 5.O-O Be7 6.Re1 b5 7.Bb3 d6 8.c3 O-O 
9.h3 Nd7 10.d4 Bf6 11.a4 Bb7 12.Na3 Nb6 13.axb5 axb5 14.Be3 exd4 15.cxd4 
Na5 16.e5 Bxf3 17.gxf3 dxe5 18.dxe5 Bxe5 19.Bxb6 Qg5+ 20.Kh1 cxb6 21.Qd5 
Rae8 22.Re4 Qf6 23.Rg4 Rd8 0-1

[Event "45th World U20 ch"]
[Site "Yerevan ARM"]
[Date "2006.10.04"]
[Round "2.16"]
[White "Nasri, Amin"]
[Black "Nechepurenko, Roman"]
[Result "0-1"]
[WhiteElo "2227"]
[BlackElo "2479"]
[EventDate "2006.10.02"]
[PlyCount "48"]

1.d4 g6 2.c4 Bg7 3.Nc3 c5 4.d5 Bxc3+ 5.bxc3 f5 6.h4 Nf6 7.h5 Rg8 8.hxg6 
hxg6 9.Qc2 d6 10.f3 Qa5 11.Bg5 Nbd7 12.e3 Ne5 13.Bxf6 exf6 14.f4 Ng4 15.
Be2 Bd7 16.Bxg4 fxg4 17.e4 O-O-O 18.Ne2 Rge8 19.Kf2 f5 20.Ng3 fxe4 21.Rae1
Qa6 22.Nxe4 Bf5 23.Rh7 Kb8 24.Rf7 Qxc4 0-1

[Event "45th World U20 ch"]
[Site "Yerevan ARM"]
[Date "2006.10.04"]
[Round "2.17"]
[White "Howell, David"]
[Black "Alaverdian, Gevorg"]
[Result "1-0"]
[WhiteElo "2471"]
[BlackElo "2202"]
[EventDate "2006.10.02"]
[PlyCount "97"]

1.e4 e5 2.Nf3 Nc6 3.Bb5 a6 4.Ba4 Nf6 5.O-O Be7 6.Re1 b5 7.Bb3 O-O 8.c3 d5 
9.exd5 Nxd5 10.Nxe5 Nxe5 11.Rxe5 c6 12.d3 Bd6 13.Re1 Qh4 14.g3 Qh3 15.Re4 
Qd7 16.Re1 Bb7 17.Bxd5 cxd5 18.d4 Qh3 19.Qf3 Bc8 20.Bf4 Bxf4 21.Qxf4 a5 
22.a3 Ra6 23.Qf3 Qh6 24.Re3 Rf6 25.Qxd5 Be6 26.Qh1 Qh5 27.Nd2 Bd7 28.Rae1 
Bc6 29.f3 Rg6 30.Qg2 Qh6 31.Re5 f5 32.Nb3 a4 33.Nc5 f4 34.g4 Qh4 35.R1e2 
Qf6 36.d5 Rg5 37.Rxg5 Qxg5 38.Ne6 Qxd5 39.Nxf8 Kxf8 40.Rd2 Qe6 41.Qe2 Qe3+
42.Qxe3 fxe3 43.Rd8+ Ke7 44.Rd3 Ke6 45.Rxe3+ Kd5 46.Re7 Ba8 47.Ra7 Bc6 48.
Rxg7 Be8 49.Rc7 1-0

[Event "45th World U20 ch"]
[Site "Yerevan ARM"]
[Date "2006.10.04"]
[Round "2.20"]
[White "Margvelashvili, Giorgi"]
[Black "Zhou Jianchao"]
[Result "1/2-1/2"]
[WhiteElo "2456"]
[BlackElo "2522"]
[EventDate "2006.10.02"]
[PlyCount "83"]

1.d4 Nf6 2.c4 g6 3.Nc3 Bg7 4.e4 d6 5.Nf3 O-O 6.h3 e5 7.d5 a5 8.Bg5 Na6 9.
Nd2 h6 10.Be3 Nh7 11.g4 f5 12.gxf5 gxf5 13.exf5 Bxf5 14.Nde4 Nf6 15.Bd3 
Nb4 16.Bb1 Nxe4 17.Bxe4 Bxe4 18.Nxe4 Qh4 19.Qb1 Rf3 20.Ke2 Qh5 21.Kd2 c6 
22.a3 Na6 23.Qd3 Rd8 24.Rag1 Nc5 25.Nxc5 dxc5 26.Qg6 Qxg6 27.Rxg6 Rf6 28.
Rxf6 Bxf6 29.Bxh6 cxd5 30.cxd5 Rxd5+ 31.Kc2 e4 32.Be3 Kf7 33.Rg1 c4 34.Rg4
Rb5 35.Bc1 Rf5 36.Rxe4 Rxf2+ 37.Kb1 c3 38.bxc3 Rf3 39.Re3 Rf1 40.c4 Bg5 
41.Rc3 Ke6 42.Rc2 1/2-1/2

[Event "45th World U20 ch"]
[Site "Yerevan ARM"]
[Date "2006.10.04"]
[Round "2.21"]
[White "Li Chao"]
[Black "Valeanu, Eduard-Andrei"]
[Result "1/2-1/2"]
[WhiteElo "2508"]
[BlackElo "2361"]
[EventDate "2006.10.02"]
[PlyCount "96"]

1.e4 c5 2.Nc3 d6 3.Nf3 Nf6 4.d4 cxd4 5.Nxd4 a6 6.f4 e5 7.Nf3 Nbd7 8.a4 Be7
9.Bd3 O-O 10.O-O Nc5 11.Kh1 exf4 12.Bxf4 Bg4 13.Qd2 Bh5 14.Rae1 Bg6 15.Bg5
Re8 16.b4 Ncd7 17.Nh4 Ng4 18.Bxe7 Qxe7 19.Nxg6 hxg6 20.Nd5 Qd8 21.Bc4 Rc8 
22.Bb3 Nde5 23.h3 Qh4 24.Kg1 Nh6 25.Rf4 Qh5 26.Rf2 g5 27.Ne3 Rcd8 28.Nf5 
Qg6 29.Ref1 Rd7 30.Nxh6+ Qxh6 31.Rf5 Qh4 32.Rxg5 Qxe4 33.Rf4 Qh7 34.Qf2 g6
35.Bd5 Rde7 36.Rf6 Rd7 37.h4 Kf8 38.Qf4 Ree7 39.c4 Nd3 40.Qg3 Nxb4 41.Bxf7
Rxf7 42.Rfxg6 Ke7 43.Qe1+ Kd8 44.Rg8+ Kc7 45.Qe8 Kc6 46.Qc8+ Rc7 47.Qe8+ 
Rcd7 48.Qc8+ Rc7 1/2-1/2

[Event "45th World U20 ch"]
[Site "Yerevan ARM"]
[Date "2006.10.04"]
[Round "2.22"]
[White "Amin, Bassem"]
[Black "Sangma, Rahul"]
[Result "1-0"]
[WhiteElo "2504"]
[BlackElo "2301"]
[EventDate "2006.10.02"]
[PlyCount "77"]

1.e4 e5 2.Nf3 Nc6 3.Bb5 a6 4.Ba4 Nf6 5.Qe2 b5 6.Bb3 Be7 7.a4 b4 8.d4 Nxd4 
9.Nxd4 exd4 10.e5 O-O 11.exf6 Bxf6 12.O-O d5 13.Qf3 Be6 14.c3 bxc3 15.bxc3
c5 16.Ba3 c4 17.Bxf8 Qxf8 18.Bc2 d3 19.Bxd3 cxd3 20.Qxd3 Qc5 21.Ra2 g6 22.
Rb2 Kg7 23.Rd1 Bg4 24.Re1 Bd7 25.Rb4 Bf5 26.Qf3 Rc8 27.Qf4 d4 28.Rxd4 Bxd4
29.cxd4 Qa5 30.Nd2 Qxa4 31.g4 Be6 32.Qe5+ Kg8 33.Ne4 Qb5 34.d5 Qb4 35.Nf6+
Kg7 36.dxe6 Qxe1+ 37.Qxe1 Kxf6 38.g5+ Ke7 39.Qb4+ 1-0

[Event "45th World U20 ch"]
[Site "Yerevan ARM"]
[Date "2006.10.04"]
[Round "2.24"]
[White "Cheng, Bindi"]
[Black "Magalashvili, Davit"]
[Result "0-1"]
[WhiteElo "2185"]
[BlackElo "2459"]
[EventDate "2006.10.02"]
[PlyCount "106"]

1.Nf3 Nf6 2.c4 c5 3.e3 e6 4.a3 Be7 5.Nc3 O-O 6.d4 cxd4 7.exd4 d6 8.Bd3 b6 
9.O-O Bb7 10.Re1 Nbd7 11.b4 Re8 12.h3 a6 13.Bf4 Bf8 14.Ne4 Nxe4 15.Bxe4 
Bxe4 16.Rxe4 Rc8 17.Qd3 Nf6 18.Re2 Qd7 19.Rc1 Qb7 20.Rec2 Red8 21.Bg5 Be7 
22.Bxf6 Bxf6 23.d5 e5 24.Qe4 Be7 25.h4 g6 26.g4 Rf8 27.g5 f6 28.Qg4 f5 29.
Qg3 Qd7 30.Qh3 Qe8 31.Re1 Qf7 32.Qg2 Rc7 33.Nd2 Rfc8 34.Rec1 b5 35.Qf3 h6 
36.Qe3 hxg5 37.hxg5 Bd8 38.f4 exf4 39.Qxf4 Qe7 40.c5 Qxg5+ 41.Qxg5 Bxg5 
42.c6 Re8 43.Kf2 Be3+ 44.Kg2 Bh6 45.Rd1 Re2+ 46.Kf1 Rh2 47.Re1 Rxd2 48.
Rxd2 Bxd2 49.Re8+ Kf7 50.Ra8 Kf6 51.Rxa6 Ke5 52.a4 bxa4 53.b5 Be3 0-1